Outside the box on estate tax reform : reviewing ideas to simplify planning : hearing before the Committee on Finance, United States Senate, One Hundred Tenth Congress, second session, April 3, 2008.

Bibliographic Details
Corporate Author: United States. Congress. Senate. Committee on Finance
Format: Government Document eBook
Language:English
Published: Washington : U.S. G.P.O., 2008.
Series:S. hrg. ; 110-1019
Subjects:
Online Access:Electronic resource (PDF)

MARC

Tag First Indicator Second Indicator Subfields
LEADER 00000cam a22000001a 4500
001 in00004100808
005 20200117091242.0
006 m d f
007 cr bn mmmapmmp
008 100430s2008 dcu ob f000 0 eng d
035 |a chdc201001209 
040 |a UMI  |c UMI  |d UtOrBLW 
042 |a pcc 
043 |a n-us--- 
074 |a 1038-A 
086 0 |a Y 4.F 49:S.HRG.110-1019 
110 1 |a United States.  |b Congress.  |b Senate.  |b Committee on Finance.  |0 http://id.loc.gov/authorities/names/n78088975 
245 1 0 |a Outside the box on estate tax reform :  |b reviewing ideas to simplify planning : hearing before the Committee on Finance, United States Senate, One Hundred Tenth Congress, second session, April 3, 2008. 
264 1 |a Washington :  |b U.S. G.P.O.,  |c 2008. 
264 2 |a Washington :  |b For sale by the Supt. of Docs., U.S. G.P.O. 
300 |a iii, 160 pages, digital, PDF file. 
336 |a text  |b txt  |2 rdacontent 
337 |a computer  |b c  |2 rdamedia 
338 |a online resource  |b cr  |2 rdacarrier 
490 1 |a S. hrg. ;  |v 110-1019 
500 |a Shipping list number: 2010-0221-P. 
504 |a Includes bibliographical references. 
500 |a Record is based on bibliographic data in ProQuest Congressional Hearings Digital Collection. Reuse except for individual research requires license from ProQuest, LLC. 
500 |a Electronic resource. 
533 |a Electronic reproduction.  |b [Bethesda, Md.] :  |c ProQuest,  |d 2010.  |e digital, PDF file.  |n ProQuest U.S. Congressional Hearings Digital Collection.  |n Mode of access: World Wide Web via ProQuest website. 
538 |a System requirements: PDF reader software. 
650 0 |a Inheritance and transfer tax  |z United States.  |0 http://id.loc.gov/authorities/subjects/sh2008104675 
650 0 |a Family-owned business enterprises  |x Taxation  |z United States. 
650 0 |a Small business  |x Taxation  |z United States.  |0 http://id.loc.gov/authorities/subjects/sh2008111167 
650 0 |a Tax exemption  |x Law and legislation  |z United States.  |0 http://id.loc.gov/authorities/subjects/sh2008112553 
776 0 8 |i Print version:   |a United States. Congress. Senate. Committee on Finance.  |t Outside the box on estate tax reform  |w 9780160856792  |w 0160856795  |w (OCoLC)610217835 
776 0 8 |i Microfiche version:   |a United States. Congress. Senate. Committee on Finance.  |t Outside the box on estate tax reform  |d [Bethesda, Md.] : ProQuest,[2010]  |o CIS 2010 S361-13  |w (ProQuest)cis01003089  
810 1 |a United States.  |b Congress.  |b Senate.  |t S. hrg. ;  |v 110-1019.  |0 http://id.loc.gov/authorities/names/n83707917 
856 4 0 |u http://proxy.library.tamu.edu/login?url=http://search.proquest.com/congcomp/getdoc?HEARING-ID=HRG-2008-FNS-0010  |y Electronic resource (PDF)  |t 0 
998 |a cis01003089  
999 f f |s b3f45779-8539-32c5-b320-288c95b4328c  |i 5719d2ec-dacb-3bc3-971c-d58023100d50  |t 0 
952 f f |a Texas A&M University  |b College Station  |c Electronic Resources  |d Available Online  |t 0  |e Y 4.F 49:S.HRG.110-1019  |h Superintendent of Documents classification 
998 f f |a Y 4.F 49:S.HRG.110-1019  |t 0  |l Available Online